| 000 | 00604nam a2200181Ia 4500 | ||
|---|---|---|---|
| 003 | GCL | ||
| 005 | 20240530110928.0 | ||
| 008 | 140319s9999 xx 000 0 ara d | ||
| 040 |
_aGCL / _cGCL |
||
| 082 | 0 | 4 |
_a350.765 _bع ت |
| 100 | 1 | _aعبدالفتاح مراد | |
| 245 | 1 | 0 |
_aالتجريم والعقاب فى قوانين المخدرات / _cعبدالفتاح مراد |
| 260 |
_aالاسكندرية : _bمنشاة المعارف، _c1989 |
||
| 300 | _a614 ص | ||
| 650 | 0 | 4 | _aمكافحة المخدرات |
| 650 | 0 | 4 |
_aالمخدرات _xقوانين وتشريعات |
| 942 |
_2ddc _cBK |
||
| 999 |
_c66600 _d66600 |
||